000
00282nam a2200133Ia 4500
100
_a
Arbeitsstelle
650
_a
General
942
_c
BK
654
_a
Leaflets
245
_a
Information Leaflets
260
_b
Beuth- Vertrieb GMBH
_a
Berlin
082
_a
621.9
546
_a
ENGLISH
999
_c
33246
_d
33246